Ženba celkom nezaručená udalosť vo 2 dejstvách

Bibliographic Details
Main Author: Gogoľ, Nikolaj Vasilievič, 1809-1852 (Author)
Other Authors: Houdeková, Oľga, 1888-1979 (Translator), Kubány, Valér, 1883-1936 (Translator)
Format: Book
Language:Slovak
Russian
PhysicalDescription:80 s. 8° (17x12 cm)
Published: Ružomberok Ján Párička 1921
Series:Slovenské divadlo
Subjects:

MARC

LEADER 00000cam a2200000 a 4500
001 vtls001266570
003 SK-MaSNL
005 20260301234602.0
008 180812s1921 xo 0000d slo
015 |a SNBA19191938-002977 
035 |a SNK000217514 
040 |a SNK  |b slo  |c SNK  |e AACR2 
041 1 |a slo  |h rus 
044 |a xo  |c SK 
072 7 |a 821.161.1  |x Ruská literatúra  |2 konspekt 
080 |a 821.161.1  |2 2011 
080 |a 821.161.1-2  |2 2001 
080 |a (0:82-22)  |2 2011 
100 1 |a Gogoľ, Nikolaj Vasilievič,  |d 1809-1852  |4 aut  |9 103929 
245 1 0 |a Ženba  |b celkom nezaručená udalosť vo 2 dejstvách  |c od N. V. Gogoľa ; preložili Oľga Houdeková a Valér Kubány 
260 |a Ružomberok  |b Ján Párička  |c 1921  |e Ružomberok  |f Ján Párička 
300 |a 80 s.  |c 8° (17x12 cm) 
490 0 |a Slovenské divadlo  |v zv. 1 
500 |a Preložené z ruštiny 
546 |a Text v češtine 
650 0 7 |a ruská literatúra  |2 SNKPH  |9 1204 
650 0 7 |a Russian literature  |2 SNKPHeng  |9 270202 
655 7 |a ruské drámy  |2 SNKPH  |9 81966 
655 7 |a divadelné komédie  |2 SNKPH  |9 186013 
655 7 |a Comedies  |2 SNKPHeng  |9 281384 
655 7 |a Russian drama  |2 SNKPHeng  |9 278707 
700 1 |a Houdeková, Oľga,  |d 1888-1979  |4 trl  |9 189321 
700 1 |a Kubány, Valér,  |d 1883-1936  |4 trl  |9 167822 
830 0 |a Slovenské divadlo  |9 308636 
852 |a Štátna vedecká knižnica v Banskej Bystrici  |b Fond starých a vzácnych dokumentov  |p O 3403 
958 |a OND 
958 |a RK 
958 |a TL 
958 |a SKR 
958 |a DG 
999 |c 970784  |d 972714 
952 |t P60, <04>, [BOOK], {604}  |a SNK  |b SNK  |y VYP  |7 0  |p 17A0018704  |o snkSD 10149/1 D1  |0 0  |1 0  |4 0  |d 1996-11-18  |l 0  |r 2005-01-01 00:00:00  |w 2026-02-24 
952 |t P60, <03>, [BOOK], {604}  |a SNK  |b SNK  |y PREZ  |7 0  |p 17A0430023  |o snkSD 10149/1  |i snk5610/55  |0 0  |1 0  |4 0  |d 2004-05-24  |l 0  |r 2025-11-24 00:00:00  |w 2026-02-24